000 00535nam a22001817a 4500
003 UA-OsUOA
001 7428
007 ta
008 20040617b un ||||| |||| 00| 0 ukr d
100 _aТимочко П.
942 _cSA
040 _aUA-OsUOA
_cUA-OsUOA
_dUA-OsUOA
245 _aЧи все так просто ? : До проблеми книгодрукування
300 _aС.3
955 _a0
773 0 _w0
_tЛітературна Украіна
_dКиїв
_d2004
_g№22
650 7 _aКнигодрукування
_2UDC
999 _c293589
_d293589